000 00423nam a2200181Ia 4500
003 OSt
005 20260323152920.0
008 250729s2008 xx 000 0 und d
040 _cAL
041 _akan
082 _a494.50 KASK
100 _aKasturi
_9230388
245 _aDr.k.shivarama karantha
260 _aMangalore
_bStudent Book House
_c2008
300 _a48p
650 _aKannada
_9230389
942 _2ddc
_cBED
999 _c238757
_d238757